[Event "PRO League KO Stage 2017"]
[Site "chess.com INT"]
[Date "2017.03.08"]
[Round "2"]
[White "Kiewra,K"]
[Black "Brown,Michael William"]
[Result "1-0"]
[WhiteElo "2429"]
[BlackElo "2478"]

1.e4 c5 2.Nf3 e6 3.g3 Nc6 4.Bg2 Nf6 5.Qe2 d5 6.exd5 Nxd5 7.Nc3 Be7 8.O-O O-O
9.d3 Re8 10.Re1 Nxc3 11.bxc3 Bf6 12.Bb2 Qa5 13.Qd2 Bd7 14.Reb1 Rad8 15.c4 Bxb2
16.Qxa5 Nxa5 17.Rxb2 b6 18.Ne5 Ba4 19.Re1 f6 20.Ng4 Nc6 21.Bxc6 Bxc6 22.f4 Rd4
23.Ne3 g6 24.a4 e5 25.fxe5 Rxe5 26.Kf2 Rd7 27.a5 bxa5 28.Rb8+ Kg7 29.Rc8 Bb7
30.Rb8 Rde7 31.Ng2 Bxg2 32.Rxe5 Rxe5 33.Kxg2 Re2+ 34.Kf3 Rxc2 35.Rb5 Rd2
36.Ke3 Rxh2 37.Rxc5 Rg2 38.Kf3 Rd2 39.Ke3 Rg2 40.Kf4 g5+ 41.Kf3 Rd2 42.Ke4 Rg2
43.Rxa5 Rxg3 44.c5 f5+ 45.Kd4 Kf6 46.c6 Ke6 47.Rc5 {#r} 1-0

[Event "PRO League KO Stage 2017"]
[Site "chess.com INT"]
[Date "2017.03.08"]
[Round "2"]
[White "Arkell,K"]
[Black "Agrest,I"]
[Result "1-0"]
[WhiteElo "2408"]
[BlackElo "2273"]

1.d4 Nf6 2.Nf3 g6 3.c4 Bg7 4.g3 O-O 5.Bg2 d6 6.Nc3 Nbd7 7.O-O a6 8.a4 e5 9.a5
Rb8 10.e4 exd4 11.Nxd4 Ne5 12.b3 Re8 13.h3 c5 14.Nde2 Nc6 15.Bf4 Nd4 16.Ra2
Be6 17.Nxd4 cxd4 18.Ne2 Qd7 19.g4 h5 20.g5 Nh7 21.h4 Bh3 22.f3 Nf8 23.Nxd4
Rbd8 24.Bg3 Be6 25.Qd2 Qc7 26.Bf2 Nd7 27.Rc2 Rc8 28.Rd1 Ne5 29.Nxe6 Rxe6
30.Qd5 Qe7 31.Rcd2 Kh7 32.Be3 f6 33.Rf1 Rf8 34.Bh3 f5 35.Bb6 Rf7 36.Kg2 Qe8
37.Re2 Ree7 38.exf5 gxf5 39.Qxd6 Ng6 40.Rxe7 Rxe7 41.Bxf5 Re2+ 42.Rf2 Re1
43.Qxg6+ Qxg6 44.Bxg6+ Kxg6 45.Rd2 Rb1 46.Rd5 Rxb3 47.f4 Rb2+ 48.Kf3 Rh2
49.f5+ Kh7 50.Rd7 Kg8 51.f6 Bf8 52.g6 Rh3+ 53.Ke2 Rxh4 54.g7 Bxg7 55.Rxg7+ Kh8
56.Rxb7 Rxc4 57.Rb8+ Kh7 58.f7 Rf4 59.f8=Q {#r} 1-0

[Event "PRO League KO Stage 2017"]
[Site "chess.com INT"]
[Date "2017.03.08"]
[Round "2"]
[White "Ashwin,J"]
[Black "Viswanadha,Kesav"]
[Result "1-0"]
[WhiteElo "2492"]
[BlackElo "2364"]

1.Nf3 Nf6 2.d4 e6 3.Bf4 c5 4.e3 b6 5.Nbd2 Bb7 6.Nc4 d5 7.Nce5 a6 8.Ng5 Qc8
9.Nexf7 Rg8 10.Nd6+ Bxd6 11.Bxd6 h6 12.Nf3 Ne4 13.Bg3 c4 14.c3 Nd7 15.Ne5 Nxg3
16.hxg3 Nxe5 17.dxe5 Qc7 18.Qh5+ g6 19.Qg4 Qxe5 20.Rxh6 Qf6 21.Qf4 Qe7 22.Qe5
O-O-O 23.Be2 Qd6 24.Qxd6 Rxd6 25.O-O-O b5 26.Rd4 e5 27.Rg4 e4 28.Rf4 Rg7 29.g4
Kc7 30.g5 Bc6 31.Rf6 Be8 32.f4 exf3 33.gxf3 Re7 34.Rxd6 Kxd6 35.Kd2 Rg7 36.Bd1
a5 37.f4 Ke7 38.Bc2 b4 39.e4 dxe4 40.Bxe4 Bf7 41.Ke3 Kd6 42.Kd4 Ke7 43.Ke5 Be8
44.Bd5 Bf7 45.Bxf7 Kxf7 46.Rh8 bxc3 47.bxc3 Ke7 48.Ra8 Rf7 49.Ra7+ Kf8
50.Rxf7+ Kxf7 51.Kd6 a4 52.a3 Ke8 53.Ke6 Kf8 54.Kf6 Kg8 55.Kxg6 Kf8 56.Kf6 Kg8
57.Ke7 Kg7 58.f5 Kg8 59.f6 Kh7 60.f7 Kg6 61.f8=Q Kh5 62.g6 Kxg6 63.Qf4 Kh5
64.Qg3 Kh6 65.Kf6 Kh7 66.Qg7# 1-0

[Event "PRO League KO Stage 2017"]
[Site "chess.com INT"]
[Date "2017.03.08"]
[Round "2"]
[White "Arnold,Mar"]
[Black "Lesiege,A"]
[Result "0-1"]
[WhiteElo "2524"]
[BlackElo "2525"]

1.Nf3 Nf6 2.c4 c5 3.Nc3 Nc6 4.e3 e5 5.Qc2 Be7 6.a3 h6 7.Bd3 d6 8.Rb1 a5 9.Ne4
Be6 10.b3 Nxe4 11.Bxe4 O-O 12.Bb2 f5 13.Bd5 Bxd5 14.cxd5 Nb8 15.d3 Nd7 16.Nd2
b5 17.a4 Nb6 18.e4 Qd7 19.Ra1 Bg5 20.Bc3 b4 21.Bb2 Bxd2+ 22.Qxd2 fxe4 23.dxe4
c4 24.Qe3 Rab8 25.O-O c3 26.Bc1 Kh7 27.Ra2 Qf7 28.Qd3 Nd7 29.Be3 Rfc8 30.f3
Nc5 31.Qc2 Qc7 32.Rf2 Rf8 33.Ra1 Rbc8 34.Kf1 Kg8 35.Ke2 Qb7 36.Rd1 Rf7 37.Bxc5
dxc5 38.Qd3 c4 39.bxc4 Kh7 40.Rb1 Qc7 41.Kd1 Qc5 42.Re2 Rfc7 43.Kc2 Qd6 44.f4
Rxc4 45.fxe5 Qxe5 46.g3 Rd4 47.Qe3 Rcc4 48.Kb3 Rxe4 49.Qd3 Rd4 50.Rxe4 Qxd5+
{#R} 0-1

[Event "PRO League KO Stage 2017"]
[Site "chess.com INT"]
[Date "2017.03.08"]
[Round "2"]
[White "Haria,R"]
[Black "Bacrot,E"]
[Result "0-1"]
[WhiteElo "2415"]
[BlackElo "2695"]

1.e4 c5 2.Nf3 Nc6 3.Bb5 g6 4.Bxc6 bxc6 5.O-O Bg7 6.Re1 d6 7.e5 Nh6 8.exd6 Qxd6
9.Nc3 O-O 10.d3 Bg4 11.h3 Bxf3 12.Qxf3 Nf5 13.Ne4 Qd5 14.c3 Rad8 15.Bf4 e5
16.Bg5 f6 17.Be3 Qxd3 18.Nxc5 Qd5 19.Qxd5+ Rxd5 20.c4 Rd6 21.Rad1 Rfd8 22.Rxd6
Rxd6 23.Ne4 Rd7 24.Nc5 Rd6 25.Ne4 Rd7 26.Nc5 Re7 27.Rd1 Kf7 28.Ne4 Nxe3
29.fxe3 f5 30.Ng5+ Ke8 31.Rd6 e4 32.b3 h6 33.Ne6 Be5 34.Rd8+ Kf7 35.Nd4 Bxd4
36.Rxd4 Ke6 37.Kf2 Rd7 38.Rxd7 Kxd7 39.g4 c5 40.Kg3 Ke6 41.Kh4 Kf6 42.Kg3 Ke5
43.h4 Kf6 44.Kf4 a5 45.a3 Ke6 46.h5 g5+ 47.Kg3 fxg4 48.Kxg4 Kf6 49.Kg3 Kf5
50.Kh3 g4+ 51.Kh4 g3 52.Kh3 g2 53.Kxg2 Kg4 54.Kf2 Kxh5 55.b4 cxb4 56.axb4 axb4
57.c5 b3 58.c6 b2 59.c7 b1=Q 60.c8=Q Qb2+ 61.Kg3 Qg7+ 62.Kf2 Qf6+ 63.Ke1 Kh4
64.Qc4 Qf3 65.Qd4 h5 66.Qd8+ Kh3 67.Qg5 Qg3+ 68.Qxg3+ Kxg3 {#R} 0-1

[Event "PRO League KO Stage 2017"]
[Site "chess.com INT"]
[Date "2017.03.08"]
[Round "2"]
[White "Brown,Michael William"]
[Black "Finegold,B"]
[Result "1-0"]
[WhiteElo "2478"]
[BlackElo "2481"]

1.d4 d5 2.c4 Nc6 3.cxd5 Qxd5 4.Nf3 e5 5.Nc3 Bb4 6.Bd2 Bxc3 7.Bxc3 e4 8.Nd2 e3
9.fxe3 Nf6 10.Qb3 Be6 11.Qxd5 Bxd5 12.h3 O-O-O 13.Rg1 Rhe8 14.Kf2 Rd6 15.g4
Rde6 16.Rg3 h5 17.gxh5 Nxh5 18.Rg5 Nf6 19.Rxg7 Rxe3 20.Nf3 R3e7 21.Ng5 Bc4
22.Re1 Bxa2 23.Bg2 Nh5 24.Rh7 Nf4 25.Bf3 Bc4 26.Kg3 Nxe2+ 27.Bxe2 Bxe2 28.Rxf7
Rxf7 29.Nxf7 Rg8+ 30.Kf4 Bc4 31.Ne5 Nxe5 32.dxe5 Be6 33.Rh1 Rf8+ 34.Kg5 Rf5+
35.Kg6 Rf3 36.h4 Kd7 37.Rg1 Bf7+ 38.Kg5 Ke6 39.Kh6 Rf4 40.Rh1 Rf5 41.Kg7 b6
42.Rg1 Be8 43.Rd1 Rf4 44.Rh1 Rg4+ 45.Kh6 a5 46.h5 Bc6 47.Rf1 Be4 48.Rf8 Ke7
49.Rc8 Kd7 50.Rf8 Ke7 51.Rc8 Kd7 52.Rf8 Bd5 53.Rf6 Be4 54.Rf7+ Ke6 55.Rxc7 Rg8
56.Rg7 Rf8 57.Kg5 Rf5+ 58.Kh4 Rf1 59.h6 Rh1+ 60.Kg5 Bb1 61.Rb7 Rg1+ 62.Kf4
Rf1+ 63.Ke3 Rh1 64.Rxb6+ Kd5 65.Rd6+ Kc5 66.Bxa5 Rh3+ 67.Kf4 Kb5 68.Bc3 Rh1
69.Rf6 Kc5 70.e6 Kd5 71.e7 Rf1+ 72.Ke3 Rxf6 73.Bxf6 Bg6 74.h7 {#r} 1-0

[Event "PRO League KO Stage 2017"]
[Site "chess.com INT"]
[Date "2017.03.08"]
[Round "2"]
[White "Brown,Michael William"]
[Black "Akobian,V"]
[Result "0-1"]
[WhiteElo "2478"]
[BlackElo "2645"]

1.d4 Nf6 2.c4 e6 3.Nc3 d5 4.cxd5 exd5 5.Bg5 Be7 6.e3 Nbd7 7.Bd3 O-O 8.Nge2 c6
9.Qc2 Re8 10.O-O h6 11.Bh4 Ne4 12.Bxe7 Qxe7 13.Bxe4 dxe4 14.Rab1 Nf6 15.Na4 b6
16.Rfe1 Ba6 17.Rbc1 Rac8 18.Qb3 Nd5 19.a3 Qe6 20.Nac3 Nxc3 21.Qxc3 c5 22.Nf4
Qd6 23.Rcd1 cxd4 24.Qxd4 Qxd4 25.Rxd4 Rc2 26.Rb4 Rd8 27.Rxe4 g5 28.Nh3 Rxb2
29.Ra4 Bc8 30.Rxa7 Be6 31.Ra4 Ra2 32.Rb4 Rd6 33.a4 Kg7 34.g4 Rdd2 35.Kg2 Rdb2
36.Rxb2 Rxb2 37.Kg3 Rb4 38.f4 f6 39.Ra1 Rb3 40.Kf3 Bd5+ 41.Ke2 Rb2+ 42.Kd3
Rxh2 43.Ng1 Rg2 44.Ne2 Rxg4 45.Rb1 h5 46.Rxb6 h4 47.e4 Bf7 48.Ke3 h3 49.Rb1
Rg2 50.a5 Bc4 51.Nd4 h2 52.Rh1 g4 53.e5 fxe5 54.fxe5 Kg6 55.e6 g3 56.e7 Kf7
57.Nf5 Rg1 58.Nxg3 Rxg3+ 59.Kf2 Rh3 60.Kg2 Rh7 61.Rxh2 Rg7+ 62.Kf2 Kxe7 63.Rh4
Bd5 64.Ke3 Kd6 65.Kd4 Bc6 66.Rh6+ Kc7 67.Rf6 Kb7 68.Kc5 Rg5+ 69.Kc4 Rxa5
70.Kb4 Rg5 71.Kc4 Kb6 72.Kd4 Rg4+ 73.Ke5 Kc5 74.Rf8 Re4+ 75.Kf5 Re1 76.Rc8 Kd6
77.Rb8 Bd5 78.Rb5 Rf1+ 79.Kg4 Ke5 80.Ra5 Rg1+ 81.Kh5 Ke6 82.Ra6+ Kf5 83.Kh6
Be4 84.Ra5+ Kf4 85.Ra4 Rg6+ 86.Kh5 Rg8 87.Kh6 Rg6+ 88.Kh5 Rg7 89.Ra6 Rc7
90.Kh6 Rh7# 0-1

[Event "PRO League KO Stage 2017"]
[Site "chess.com INT"]
[Date "2017.03.08"]
[Round "2"]
[White "Gorozhanin,M"]
[Black "Nagy,Ga1"]
[Result "1-0"]
[WhiteElo "2419"]
[BlackElo "2448"]

1.d4 Nf6 2.Bf4 c5 3.e3 g6 4.c3 Bg7 5.Nd2 O-O 6.dxc5 a5 7.a4 Nc6 8.Ngf3 b6
9.cxb6 Qxb6 10.Qb3 Qa7 11.h3 d6 12.Bb5 Rb8 13.O-O Qc7 14.Qc4 Bd7 15.Nd4 Rb6
16.N2b3 e5 17.Nxc6 Be6 18.Qe2 Bxb3 19.Nxa5 Bd5 20.Bh2 Ra8 21.Nc4 Rxb5 22.axb5
Rxa1 23.Rxa1 Bxc4 24.b6 Qc6 25.b7 Bxe2 26.b8=Q+ Bf8 27.Bg3 Nd7 28.Qa8 Qb5
29.Ra7 Nc5 30.Bh4 Kg7 31.Bf6+ Kxf6 32.Qxf8 Bc4 33.Qxd6+ Be6 34.b4 Nd7 35.c4
Qxc4 36.Rxd7 Qc1+ 37.Kh2 Qf1 38.Qe7+ Kf5 39.Rd2 Qe1 40.g4+ Ke4 41.Qb7+ Bd5
42.Qxd5# 1-0

[Event "PRO League KO Stage 2017"]
[Site "chess.com INT"]
[Date "2017.03.08"]
[Round "2"]
[White "Gorozhanin,M"]
[Black "Mihok,O"]
[Result "0-1"]
[WhiteElo "2419"]
[BlackElo "2516"]

1.d4 d5 2.Bf4 c5 3.e3 cxd4 4.exd4 Nc6 5.c3 Bf5 6.Qb3 Qd7 7.Nf3 e6 8.Nbd2 Nge7
9.h3 Ng6 10.Bh2 h5 11.Be2 Bd6 12.Bxd6 Qxd6 13.Qxb7 O-O 14.Qa6 Rab8 15.Nb3 Nf4
16.Bf1 Rb6 17.Qa4 Rfb8 18.O-O-O Nb4 19.cxb4 Rxb4 20.Qa5 Rc8+ 21.Kd2 Rc2+
22.Ke1 Rxb2 23.Nfd2 Rxd4 24.Nxd4 Qe5+ 25.Be2 Qxd4 26.Qa3 Qe5 27.Qf3 Bd3 28.g3
Nxe2 29.Qe3 Qxe3 30.fxe3 Nxg3 31.Rg1 h4 32.a3 Ra2 33.Rg2 Rxa3 34.Kf2 Ra2
35.Kg1 a5 36.Nf3 Ne2+ 37.Kh2 Be4 38.Rf1 Nc3 39.Rxa2 Nxa2 40.Ra1 Nc3 41.Nxh4 a4
42.Ra3 Nd1 43.Rxa4 Nxe3 44.Ra3 d4 45.Kg3 e5 46.Nf3 f6 47.Nd2 Bd5 48.Kf2 Kf7
49.Ra7+ Kg6 50.Rd7 Be6 51.Rd8 Bxh3 52.Nf3 Bg4 53.Nd2 Kf5 54.Kg3 Be2 55.Kf2 Bd3
56.Nf3 Be4 57.Nd2 g5 58.Rh8 Bd5 59.Rd8 Kf4 60.Rb8 g4 61.Rb6 g3+ 62.Kg1 f5
63.Rg6 Ng4 64.Nf1 d3 65.Rd6 Be4 66.Nd2 Nf2 67.Nf1 Nh3# 0-1

[Event "PRO League KO Stage 2017"]
[Site "chess.com INT"]
[Date "2017.03.08"]
[Round "2"]
[White "Edouard,R"]
[Black "Degraeve,Remy"]
[Result "1-0"]
[WhiteElo "2626"]
[BlackElo "2137"]

1.c4 Nf6 2.g3 g6 3.Bg2 Bg7 4.Nc3 O-O 5.Nf3 c5 6.d4 cxd4 7.Nxd4 Nc6 8.O-O Qa5
9.e3 Rd8 10.Qe2 e6 11.Bd2 Qb6 12.Ndb5 Ne8 13.Na4 Qa6 14.b3 Bxa1 15.Rxa1 d5
16.Bc3 dxc4 17.Qxc4 Na5 18.Qh4 Qxb5 19.Qxd8 Nc4 20.bxc4 Qxa4 21.Rb1 Qd7 22.Rd1
Qa4 23.c5 Kf8 24.Bf6 Bd7 25.Qxd7 Qxd7 26.Rxd7 Nxf6 27.Rxb7 Rc8 28.c6 Nd5
29.Bxd5 exd5 30.c7 a6 31.Rb8 {#r} 1-0

[Event "PRO League KO Stage 2017"]
[Site "chess.com INT"]
[Date "2017.03.08"]
[Round "2"]
[White "Gozzoli,Y"]
[Black "Harvey,Marcus R"]
[Result "1-0"]
[WhiteElo "2586"]
[BlackElo "2275"]

1.d4 Nf6 2.Nf3 b5 3.Bg5 Bb7 4.e3 Ne4 5.Bh4 c5 6.Nbd2 Nxd2 7.Qxd2 Qb6 8.Be2 d6
9.O-O Nd7 10.a4 b4 11.a5 Qc7 12.a6 Be4 13.c3 Rb8 14.Rfc1 b3 15.Bc4 d5 16.Bg3
Qc8 17.Bxb8 Qxb8 18.Be2 c4 19.Qe1 Nf6 20.Nd2 Bg6 21.e4 Nxe4 22.Nxe4 Bxe4
23.Bxc4 e6 24.Qe2 Bd6 25.g3 h5 26.Bd3 h4 27.Bxe4 hxg3 28.hxg3 dxe4 29.Kg2 e3
30.Rh1 Qa8+ 31.f3 Rxh1 32.Rxh1 Qd5 33.Qxe3 Qc4 34.Rh8+ Kd7 35.Ra8 Kc7 36.Rxa7+
Kb6 37.Rd7 Kc6 38.a7 Qa6 39.a8=Q+ {#r} 1-0

[Event "PRO League KO Stage 2017"]
[Site "chess.com INT"]
[Date "2017.03.08"]
[Round "2"]
[White "Nyzhnyk,I"]
[Black "Naroditsky,D"]
[Result "1-0"]
[WhiteElo "2613"]
[BlackElo "2646"]

1.d4 Nf6 2.Bf4 d5 3.e3 c5 4.c3 Nc6 5.Nd2 e6 6.Bd3 Bd6 7.Bxd6 Qxd6 8.f4 Bd7
9.a3 Ne7 10.Ngf3 Qb6 11.b4 cxd4 12.cxd4 Bb5 13.Qe2 Bxd3 14.Qxd3 Nf5 15.O-O O-O
16.Rfc1 Rfc8 17.Ne5 Nd6 18.Rc5 Nde4 19.Nxe4 Nxe4 20.Rc2 Qd8 21.Rac1 f6 22.Nf3
Nd6 23.Nd2 Rxc2 24.Rxc2 a5 25.b5 a4 26.e4 dxe4 27.Nxe4 Nf5 28.Rc4 Rc8 29.Rxc8
Qxc8 30.Nc3 Qc7 31.g3 Qd6 32.Nxa4 Nxd4 33.Qc4 Kf7 34.Nc5 Nf3+ 35.Kg2 Nd2
36.Qd3 Qxc5 37.Qd7+ Kg6 38.Qxd2 Qxb5 39.Qc2+ Qf5 40.Qc8 Qd5+ 41.Kh3 h6 42.Qe8+
Kh7 43.Qf7 b5 44.Qf8 Qf5+ 45.Kg2 Qd5+ 46.Kg1 h5 47.Qf7 Qf5 48.Kg2 h4 49.Qe8
h3+ 50.Kf3 e5 51.Qf7 Kh6 52.Qf8 exf4 53.Qh8+ Qh7 54.Qxh7+ Kxh7 55.gxf4 Kh6
56.Kg4 Kg6 57.Kxh3 Kf5 58.Kg3 Ke4 59.Kg4 g6 60.h4 Kd4 61.f5 gxf5+ 62.Kxf5 Kc3
63.h5 Kb3 64.h6 Kxa3 65.h7 b4 66.h8=Q b3 67.Qxf6 Ka2 68.Qc3 {#r} 1-0

[Event "PRO League KO Stage 2017"]
[Site "chess.com INT"]
[Date "2017.03.08"]
[Round "2"]
[White "Pichot,A"]
[Black "Yanovsky, Vlad"]
[Result "1-0"]
[WhiteElo "2556"]
[BlackElo "2096"]

1.e4 c5 2.Nf3 e6 3.d4 cxd4 4.Nxd4 a6 5.Bd3 Nf6 6.O-O d6 7.c4 Be7 8.Nc3 O-O
9.b3 Bd7 10.Bb2 Nc6 11.Nf3 Ng4 12.Qe2 Nge5 13.Rfd1 Qc7 14.Rac1 Nxf3+ 15.Qxf3
Ne5 16.Qg3 Bf6 17.Bb1 Rfd8 18.h4 h5 19.Ne2 Bc6 20.Rd2 Qe7 21.f4 Ng4 22.Bxf6
Qxf6 23.Rcd1 e5 24.Rf1 b5 25.Bd3 Qg6 26.Qf3 Re8 27.Ng3 Qf6 28.Nxh5 Qxh4 29.Qh3
Qxh3 30.gxh3 Nf6 31.Nxf6+ gxf6 32.fxe5 Rxe5 33.Rxf6 Bxe4 34.Bxe4 Rxe4 35.cxb5
axb5 36.Rfxd6 b4 37.Rd8+ Rxd8 38.Rxd8+ Kg7 39.Kf2 Kf6 40.Rc8 Rd4 41.Ke1 Rd3
42.h4 Rh3 43.Rc4 Rh1+ 44.Kd2 Rh2+ 45.Kd3 Rxa2 46.Rxb4 Ke5 47.Re4+ Kd5 48.Rf4
Ke6 49.Re4+ Kd5 50.Re2 Ra1 51.Rh2 Ra6 52.h5 Rh6 53.Ke3 Ke5 54.b4 f5 55.Kf3 Rh7
56.h6 f4 57.b5 Kf5 58.b6 Kg6 59.Rg2+ Kf6 60.Rb2 {#r} 1-0

[Event "PRO League KO Stage 2017"]
[Site "chess.com INT"]
[Date "2017.03.08"]
[Round "2"]
[White "Gledura,B"]
[Black "Sharafiev,A"]
[Result "0-1"]
[WhiteElo "2588"]
[BlackElo "2433"]

1.Nf3 c5 2.e4 e6 3.d4 cxd4 4.Nxd4 Nf6 5.Nc3 Nc6 6.Nxc6 bxc6 7.Bd3 d5 8.O-O Be7
9.Qf3 O-O 10.Qg3 Kh8 11.b3 a5 12.e5 Nd7 13.Qh3 f5 14.exf6 Nxf6 15.Qg3 Bd6
16.Qh4 e5 17.Bg5 e4 18.Nxe4 dxe4 19.Bxe4 Qc7 20.Bxf6 gxf6 21.Rad1 f5 22.Bf3
Bb7 23.Rfe1 Be5 24.g3 Bf6 25.Qh6 c5 26.Bxb7 Qxb7 27.Re6 Bd4 28.Qf4 Ra6 29.Re2
Qb8 30.Qh4 Qd8 31.Qxd8 Rxd8 32.Kg2 Rad6 33.Kf3 Kg7 34.Re7+ Kg6 35.Ra7 Bc3
36.Rxd6+ Rxd6 37.Rc7 Bb4 38.Ke3 a4 39.bxa4 Ra6 40.c3 Ba5 41.Rc8 Bxc3 42.Rxc5
Be1 43.Ke2 Bb4 44.Rc4 Ba5 45.Kf3 Be1 46.Rc1 Bb4 47.Rc4 Be1 48.h4 Rb6 49.Ke2
Bb4 50.f3 Be7 51.Kd3 Rb2 52.Rc6+ Kf7 53.Ke3 Rb4 54.a5 Ra4 55.a6 f4+ 56.gxf4
Bxh4 57.Rh6 Bf6 58.Rxh7+ Bg7 59.Rh2 Rxa6 60.Rc2 Ke6 61.Kd3 Kd5 62.Ke3 Bd4+
63.Ke2 Re6+ 64.Kf1 Rf6 65.a4 Rxf4 66.Kg2 Bb6 67.Ra2 Ba5 68.Kg3 Rd4 69.f4 Ke6
70.Kg4 Kf6 71.Rc2 Bd2 72.Rc6+ Ke7 73.Rc7+ Ke6 74.Rc6+ Kd7 75.Rf6 Rxa4 76.Kh5
Bxf4 77.Kg6 Be5 78.Rb6 Rf4 79.Ra6 Bd6 80.Kg5 Rf1 81.Kg4 Ke6 82.Kg5 Rg1+ 83.Kh4
Ke5 84.Ra5+ Kf4 85.Kh5 Be5 86.Kh6 Kf5 87.Kh7 Rh1+ 88.Kg8 Rh8+ 89.Kf7 Rh7+
90.Kg8 Rg7+ 91.Kf8 Rb7 92.Ra6 Bf6 93.Ke8 Kg6 94.Re6 Kf5 95.Re1 Be5 96.Kd8 Ke6
97.Kc8 Rb8# 0-1

[Event "PRO League KO Stage 2017"]
[Site "chess.com INT"]
[Date "2017.03.08"]
[Round "2"]
[White "Gledura,B"]
[Black "Gorozhanin,M"]
[Result "0-1"]
[WhiteElo "2588"]
[BlackElo "2419"]

1.d4 d5 2.Bf4 c6 3.e3 Qb6 4.Qc1 Bf5 5.Nf3 Nf6 6.c4 e6 7.Nc3 Nbd7 8.c5 Qd8 9.h3
a5 10.a3 a4 11.Qd1 b6 12.cxb6 Qxb6 13.Nxa4 Qa5+ 14.Nc3 Ne4 15.Qc1 Bb4 16.Nd2
Nxc3 17.bxc3 Bxc3 18.Ra2 e5 19.dxe5 Rb8 20.Ke2 Nxe5 21.Bxe5 Bxe5 22.Qxc6+ Bd7
23.Qc2 O-O 24.f4 Ba4 25.Qf5 Bc3 {#R} 0-1

[Event "PRO League KO Stage 2017"]
[Site "chess.com INT"]
[Date "2017.03.08"]
[Round "2"]
[White "Robson,R"]
[Black "Izoria,Z"]
[Result "1-0"]
[WhiteElo "2668"]
[BlackElo "2594"]

1.e4 Nc6 2.Nf3 d6 3.d4 Nf6 4.Nc3 g6 5.h3 Bg7 6.d5 Nb8 7.Be2 O-O 8.O-O e5
9.dxe6 Bxe6 10.Nd4 Bd7 11.Re1 Re8 12.Bf1 Nc6 13.Nb3 a5 14.a4 Nb4 15.Bg5 h6
16.Bh4 Bc6 17.Nd4 Qd7 18.Nxc6 bxc6 19.Qd2 Qe6 20.Rad1 g5 21.Bg3 Nh5 22.Bh2 Be5
23.Bxe5 Qxe5 24.Be2 Nf6 25.Bc4 Re7 26.Bb3 Rae8 27.f3 Nd7 28.Ne2 Nc5 29.Nd4 Qf6
30.Nf5 Re5 31.Qc3 Kh7 32.Ne3 h5 33.Nc4 Kg7 34.Nxe5 Rxe5 35.Rf1 h4 36.Qe3 Qf4
37.Qxf4 gxf4 38.Rd2 Kf6 39.Kf2 Rg5 40.Bc4 Nxa4 41.c3 Rc5 42.Be2 Na2 43.Ra1
N2xc3 44.bxc3 Nxc3 45.Ke1 Ke5 46.Bd1 d5 47.exd5 cxd5 48.Rd3 d4 49.Kd2 Rb5
50.Rxc3 dxc3+ 51.Kxc3 Rc5+ 52.Kd3 Rd5+ 53.Ke2 Rb5 54.Bc2 Kd4 55.Ra4+ Kc3
56.Ra2 Rb2 57.Rxb2 Kxb2 58.Kd3 c5 59.Ba4 Ka3 60.Be8 Kb4 61.Bxf7 a4 62.Be6 Ka3
63.Kc3 c4 64.Kxc4 Kb2 65.Kd4 Kc2 66.Ke4 Kd2 67.Kxf4 Ke2 68.Kg4 Kf2 69.f4 Kxg2
70.f5 Kf2 71.f6 Ke3 72.f7 a3 73.Ba2 {#r} 1-0

[Event "PRO League KO Stage 2017"]
[Site "chess.com INT"]
[Date "2017.03.08"]
[Round "2"]
[White "Degraeve,Remy"]
[Black "Haria,R"]
[Result "0-1"]
[WhiteElo "2137"]
[BlackElo "2415"]

1.e4 e6 2.d4 d5 3.Nd2 Nc6 4.Ngf3 Nf6 5.e5 Nd7 6.Bd3 Nb4 7.Be2 c5 8.c3 Nc6
9.Bd3 Qb6 10.O-O g6 11.Qa4 Bg7 12.b3 O-O 13.Ba3 Qc7 14.Rac1 a6 15.dxc5 Ndxe5
16.Nxe5 Nxe5 17.Be2 Bd7 18.Qh4 Bc6 19.Nf3 Qa5 20.Bb4 Qxa2 21.Nd4 Qd2 22.Rcd1
Qh6 23.Qxh6 Bxh6 24.f4 Nd7 25.Nxc6 bxc6 26.Ra1 a5 27.Bxa5 Nxc5 28.Bb4 Rxa1
29.Rxa1 Nxb3 30.Bxf8 Bxf8 31.Ra7 Bc5+ {#R} 0-1

[Event "PRO League KO Stage 2017"]
[Site "chess.com INT"]
[Date "2017.03.08"]
[Round "2"]
[White "Degraeve,Remy"]
[Black "Movsesian,S"]
[Result "0-1"]
[WhiteElo "2137"]
[BlackElo "2679"]

1.e4 c5 2.Nc3 e6 3.f4 a6 4.Nf3 b5 5.d4 cxd4 6.Nxd4 Bb7 7.Bd3 Bc5 8.Nb3 Be7
9.O-O Nf6 10.e5 Nd5 11.Nxd5 Bxd5 12.f5 Nc6 13.Qh5 Qb6+ 14.Kh1 O-O-O 15.Qe2 Nb4
16.Be4 Bxe4 17.Qxe4 Qc6 18.Qxc6+ dxc6 19.c3 Nd3 20.a4 b4 21.Nd4 Kd7 22.cxb4
Nxb4 23.fxe6+ fxe6 24.Be3 Nd5 25.Bd2 Rb8 26.b3 c5 27.Ne2 Rxb3 28.Nf4 Rf8
29.Nh5 Rxf1+ 30.Rxf1 c4 31.Rc1 c3 32.Be1 Bg5 33.Ra1 c2 34.h4 Rb1 {#R} 0-1

[Event "PRO League KO Stage 2017"]
[Site "chess.com INT"]
[Date "2017.03.08"]
[Round "2"]
[White "Grover,S"]
[Black "Tari,A"]
[Result "0-1"]
[WhiteElo "2473"]
[BlackElo "2596"]

1.d4 Nf6 2.c4 g6 3.Nc3 d5 4.Bg5 Bg7 5.Bxf6 Bxf6 6.cxd5 c6 7.e4 O-O 8.f4 cxd5
9.e5 Bg7 10.h3 Nc6 11.Nf3 Qb6 12.Qd2 Rd8 13.Na4 Qa5 14.Nc3 Bd7 15.Bd3 Rac8
16.O-O e6 17.a3 Qb6 18.Na4 Qa5 19.Nc3 Ne7 20.Ne4 Qxd2 21.Nexd2 Rc7 22.Nb3 Rdc8
23.Rac1 b6 24.Ba6 Rxc1 25.Rxc1 Rxc1+ 26.Nxc1 Nc6 27.Bb5 Nxe5 28.dxe5 Bxb5
29.Nd4 Bd7 30.Kf2 g5 31.g3 h6 32.Nd3 a5 33.Ke3 Kh7 34.Ne1 Kg6 35.Nef3 Bf8
36.Kd3 Be7 37.Ke3 Bc5 38.Kd3 Bc8 39.Kc3 a4 40.Kd3 Ba6+ 41.Ke3 Bf1 42.h4 gxh4
43.Nxh4+ Kh5 44.Nf3 Bc4 45.f5 Kg4 46.fxe6 fxe6 47.Kf2 Bd3 48.Ke1 Kxg3 {#R} 0-1

[Event "PRO League KO Stage 2017"]
[Site "chess.com INT"]
[Date "2017.03.08"]
[Round "2"]
[White "Grover,S"]
[Black "Haug,J"]
[Result "0-1"]
[WhiteElo "2473"]
[BlackElo "2303"]

1.e4 c6 2.d4 d5 3.Nd2 dxe4 4.Nxe4 Bf5 5.Ng3 Bg6 6.Nf3 Nd7 7.Bd3 e6 8.Bf4 Ngf6
9.Bxg6 hxg6 10.O-O Nd5 11.Bd2 Bd6 12.c4 N5f6 13.Qe2 Qc7 14.Rac1 O-O 15.Rc2
Rfe8 16.Bc3 a5 17.b3 Bf4 18.Ne4 e5 19.dxe5 Nxe5 20.Nxf6+ gxf6 21.g3 Nxf3+
22.Qxf3 Be5 23.c5 f5 24.Rd1 Rad8 25.Rcd2 Rxd2 26.Bxd2 Rd8 27.Be3 Rxd1+ 28.Qxd1
f4 29.Bd2 fxg3 30.hxg3 Qe7 31.Qg4 Qxc5 32.Qc8+ Kg7 33.Qxb7 Bd4 34.Be1 Qe5
35.Kf1 Bc3 36.Bxc3 Qxc3 37.a4 c5 38.Qd5 Qc2 39.Kg2 Kf6 40.Qb7 Qc3 41.Qd5 Kg7
42.Kf1 Kf6 43.Ke2 Ke7 44.g4 Qc2+ {#R} 0-1

[Event "PRO League KO Stage 2017"]
[Site "chess.com INT"]
[Date "2017.03.08"]
[Round "2"]
[White "Mareco,S"]
[Black "Gonzalez,Ren"]
[Result "1-0"]
[WhiteElo "2664"]
[BlackElo "2451"]

1.d4 Nf6 2.c4 d6 3.Nf3 Bg4 4.Nc3 Nbd7 5.e4 e5 6.Be2 Be7 7.O-O O-O 8.Be3 c6
9.d5 cxd5 10.cxd5 Bxf3 11.Bxf3 Qb8 12.Qb3 Rc8 13.Rfc1 a6 14.a4 Bd8 15.a5 b6
16.axb6 Nc5 17.Bxc5 Rxc5 18.b7 Ra7 19.Na4 Rxc1+ 20.Rxc1 Rxb7 21.Qd3 a5 22.Rc6
g6 23.Qa6 Bc7 24.Qc4 Kg7 25.Qc2 h5 26.h3 Bb6 27.Rc8 Qa7 28.Rc6 Qb8 29.g3 Bd4
30.Rc8 Qa7 31.Kg2 Rb8 32.Rc6 Ne8 33.Bd1 Rb4 34.Rc8 Nf6 35.Qc6 Qe7 36.Bc2 h4
37.Rc7 Qd8 38.g4 Nh7 39.Nc3 Rxb2 40.Nd1 Ra2 41.Rd7 Qf6 42.Rxd6 Qf4 43.Qc4 Ng5
44.Qxa2 Qf3+ 45.Kf1 Nxh3 46.Qb3 Qh1+ 47.Ke2 Ng1+ 48.Kd2 Nf3+ 49.Kc1 h3 50.Rd8
h2 51.Qb8 Kf6 52.Rf8 Qxd1+ 53.Bxd1 h1=Q 54.Qd8+ Kg7 55.Rg8+ {#r} 1-0

[Event "PRO League KO Stage 2017"]
[Site "chess.com INT"]
[Date "2017.03.08"]
[Round "2"]
[White "Dominguez Perez,L"]
[Black "Cuevas,A"]
[Result "1-0"]
[WhiteElo "2739"]
[BlackElo "2288"]

1.e4 c5 2.Nf3 e6 3.d4 cxd4 4.Nxd4 a6 5.c4 Nf6 6.Nc3 Qc7 7.a3 d6 8.Be2 Nbd7
9.O-O Be7 10.Be3 O-O 11.f3 b6 12.Qd2 Bb7 13.Rfc1 Rfe8 14.a4 a5 15.Ndb5 Qb8
16.Rd1 Nc5 17.Rab1 Rd8 18.Bf4 Nh5 19.Be3 Rd7 20.Qe1 g6 21.Qf2 Qf8 22.Bf1 f5
23.exf5 gxf5 24.Re1 Qf6 25.Rbd1 Ng7 26.f4 Re8 27.Bd4 Qh6 28.Re3 Red8 29.Rh3
Nh5 30.Be2 {#r} 1-0

[Event "PRO League KO Stage 2017"]
[Site "chess.com INT"]
[Date "2017.03.08"]
[Round "2"]
[White "De Vreesse Pieters,Seppe"]
[Black "Aleskerov,F"]
[Result "1-0"]
[WhiteElo "2229"]
[BlackElo "2315"]

1.e4 g6 2.d4 Bg7 3.Nf3 c6 4.h3 d5 5.e5 c5 6.dxc5 Nc6 7.Bb5 f6 8.Nc3 e6 9.Bf4
Ne7 10.Qd2 O-O 11.exf6 Bxf6 12.O-O Qa5 13.Bxc6 Nxc6 14.Bd6 Re8 15.Rae1 Bg7
16.Nxd5 Qxd2 17.Nxd2 Rd8 18.Nc7 Rb8 19.Nc4 b5 20.cxb6 Rb7 21.bxa7 Rxa7 22.Nxe6
Bxe6 23.Rxe6 Nd4 24.Re4 Ra4 25.Be7 Rb8 26.b3 Rxa2 27.Bd6 Rd8 28.Rfe1 Nf5
29.Re8+ Rxe8 30.Rxe8+ Kf7 31.Re2 Bc3 32.Be5 Nd4 33.Bxd4 Bxd4 34.g3 h5 35.Kg2
Kf6 36.h4 g5 37.hxg5+ Kxg5 38.Nd6 Bb6 39.Nf7+ Kf6 40.Ne5 Kf5 41.Nd3 Bd4 42.Kf3
Bc3 43.Nf4 Kg5 44.Nd5 Bg7 45.c4 Ra3 46.Re3 Bd4 47.Rd3 Bc5 48.Nf4 Kf6 49.Nxh5+
Kg5 50.Nf4 Kf6 51.b4 Bxb4 52.Rxa3 Bxa3 53.Ke4 Bb4 54.Nd3 Bd2 55.f4 Ke6 56.g4
Kf6 57.c5 Ba5 58.Kd5 Ke7 59.Ne5 Bd2 60.f5 Kf6 61.c6 Ba5 62.Nd7+ Kg5 63.f6 Kg6
64.Ke6 Bd8 65.f7 Be7 66.c7 {#r} 1-0